Lanean...
Yemmente aathmakadha. /
| Formatua: | Printed Book |
|---|---|
| Hizkuntza: | Malayalam |
| Argitaratua: |
1988.
|
| LEADER | 00379nam a2200109Ia 4500 | ||
|---|---|---|---|
| 008 | 150624b ii ||||| |||| 00| 0 mal d | ||
| 082 | |a 923.25483G | ||
| 245 | |a Yemmente aathmakadha. / | ||
| 260 | |c 1988. | ||
| 942 | |c BK | ||
| 999 | |c 41493 |d 41493 | ||
| 952 | |0 0 |1 0 |4 0 |6 923_000000000000000_25483G_GOV_A_2 |7 0 |9 41490 |a UL |b UL |c ST1 |d 1998-08-28 |g 35.00 |l 8 |m 1 |o 923.25483G GOV/A.2 |p 60010 |r 2021-04-22 |s 2021-04-16 |y BK | ||